000 00600nam a2200229Ia 4500
003 OSt
005 20221007073128.0
006 a|||||r|||| 00| 0
007 ta
008 221006b |||||||| |||| 00| 0 eng d
024 _a29,040
037 _cTextual
040 _aFLL
_cFLL
_beng
041 _2eng
_aeng
082 _aZ73:9298, K3
100 _aWoll Peter
245 0 _aAdministrative law
260 _aLos
_bAngels University of California Press Los Angels
_c1963
300 _ax,203p
_ccm.
942 _hZ73:9298, K3
_cTEXL
_2CC
999 _c1147743
_d1147743